000 00441nam a2200169 a 4500
001 0000-9355
003 ELIB.Books
008 110520 1983
035 _a(ELIB.Books)0000-9507
082 _a232
_bMey
100 _aMeyer, Marvin W.
245 _aWho do people say i am?
260 _bGrand Rapids: Wm. B. Eerdmans Publishing Co.
_c1983
650 _aJesus Christ
942 _2ddc
_cBK
998 _cbat
_e2011-05-20
999 _c9355
_d9355